000
00289nam a2200109Ia 4500
008
190914s9999||||xx |||||||||||||| ||und||
100
_a
Khalid M. Ishaque
245
0
_a
Islamic Principles of Economic Management
260
_a
New Delhi
_b
Tata McGraw Hill
_c
2010
300
_a
847
942
_c
BK
999
_c
9638
_d
9638